[Event "Portoroz op 11th"]
[Site "Portoroz"]
[Date "2017.07.28"]
[Round "8"]
[White "Villar Nieves, Antonio"]
[Black "Bratovic, Blaz"]
[Result "1-0"]
[WhiteElo "2204"]
[BlackElo "2327"]
[PlyCount "68"]
[EventDate "2017.07.22"]
[EventType "swiss"]
[EventRounds "9"]
[EventCountry "SLO"]
[SourceTitle "EXT 2020"]
[Source "ChessBase"]
[SourceDate "2019.10.17"]
[SourceVersion "1"]
[SourceVersionDate "2019.10.17"]
[SourceQuality "1"]

1. d4 e6 2. e4 d5 3. e5 c5 4. c3 Nc6 5. Be3 Qb6 6. Qd2 Bd7 7. Nf3 Rc8 8. dxc5 Bxc5 9. Bxc5 Qxc5 10. Qg5 Nge7 11. Nbd2 Ng6 12. h4 h6 13. Qg3 0-0 14. Bd3 Qb6 15. Nb3 Qc7 16. Bxg6 fxg6 17. 0-0 Ne7 18. Nbd4 b5 19. a3 a5 20. Nc2 Qd8 21. Qg4 Rc4 22. Nfd4 Nf5 23. g3 Kh7 24. Rfd1 Qc7 25. Qe2 Qb6 26. Rd2 b4 27. axb4 axb4 28. Nxf5 gxf5 29. Nxb4 f4 30. Qf3 Qb8 31. Nd3 fxg3 32. Qxg3 Bb5 33. Kh2 Re4 34. Rg1 Qc7 1-0

[Event "Mare di Fano op 5th"]
[Site "Fano"]
[Date "2016.08.04"]
[Round "7"]
[White "Villar Nieves, Antonio"]
[Black "Altieri, Danilo Mario"]
[Result "1-0"]
[WhiteElo "2175"]
[BlackElo "2037"]
[PlyCount "117"]
[EventDate "2016.07.30"]
[EventType "swiss"]
[EventRounds "9"]
[EventCountry "ITA"]
[SourceTitle "CBM 173 Extra"]
[Source "ChessBase"]
[SourceDate "2016.08.29"]
[SourceVersion "1"]
[SourceVersionDate "2016.08.29"]
[SourceQuality "1"]

1. e4 d6 2. d4 Nf6 3. Nc3 e5 4. Nf3 Nbd7 5. Bc4 Be7 6. h3 0-0 7. 0-0 c6 8. a4 b6 9. Re1 a6 10. Qe2 Bb7 11. Bb3 b5 12. axb5 cxb5 13. dxe5 dxe5 14. Rd1 Qc7 15. Nd5 Nxd5 16. Bxd5 Bxd5 17. Rxd5 f6 18. Nh4 Nb6 19. Rd3 Rfd8 20. Rg3 Bf8 21. Nf5 g6 22. h4 Kh8 23. Ne3 Bc5 24. Ng4 Qd7 25. Rd3 Qe7 26. Rxd8+ Qxd8 27. Qf3 Be7 28. Be3 Qc7 29. h5 g5 30. Nxf6 Rf8 31. Bxb6 Qxb6 32. Nd7 Rxf3 33. Nxb6 Rf7 34. Rxa6 Bc5 35. Nd5 Bxf2+ 36. Kh2 g4 37. h6 Kg8 38. Ra8+ Rf8 39. Nf6+ Kf7 40. Rxf8+ Kxf8 41. Nxg4 Bc5 42. Kh3 Bd6 43. Ne3 Kf7 44. Kg4 Kg6 45. Nf5 Bf8 46. c3 Bc5 47. b3 Bf8 48. c4 bxc4 49. bxc4 Bc5 50. Nh4+ Kxh6 51. Kf5 Kh5 52. Nf3 Be3 53. Nxe5 Kh4 54. g4 h6 55. Nf7 h5 56. gxh5 Kxh5 57. e5 Bc5 58. e6 Be7 59. Ne5 1-0

[Event "Mare di Fano op 5th"]
[Site "Fano"]
[Date "2016.08.02"]
[Round "5"]
[White "Lindiawati, Evi"]
[Black "Villar Nieves, Antonio"]
[Result "1/2-1/2"]
[WhiteElo "2022"]
[BlackElo "2175"]
[PlyCount "128"]
[EventDate "2016.07.30"]
[EventType "swiss"]
[EventRounds "9"]
[EventCountry "ITA"]
[SourceTitle "CBM 173 Extra"]
[Source "ChessBase"]
[SourceDate "2016.08.29"]
[SourceVersion "1"]
[SourceVersionDate "2016.08.29"]
[SourceQuality "1"]

1. c4 f5 2. Nc3 Nf6 3. d3 g6 4. g3 Bg7 5. Bg2 e5 6. e4 fxe4 7. Nxe4 Nxe4 8. dxe4 d6 9. Be3 Nc6 10. Nf3 Be6 11. b3 Qe7 12. Qd2 h6 13. Rc1 g5 14. h3 Qf7 15. g4 0-0-0 16. Ng1 Nd4 17. Bxd4 exd4 18. Ne2 c5 19. Qd3 Rdf8 20. f3 Be5 21. Rb1 h5 22. Kd2 hxg4 23. hxg4 Bh2 24. Rbf1 Rh4 25. Kc2 Rfh8 26. Nc1 Qf6 27. Qe2 Bf4 28. Nd3 Be3 29. Rxh4 Rxh4 30. Rh1 Qh8 31. Rxh4 Qxh4 32. Qe1 Qxe1 33. Nxe1 Kc7 34. Bf1 a6 35. a4 Bf4 36. Bd3 Kb6 37. Kd1 Ka5 38. Kc2 Bg3 39. Ng2 Kb4 40. Kb2 Bd7 41. Be2 b5 42. axb5 axb5 43. Kc2 bxc4 44. Bxc4 Bb5 45. Bxb5 Kxb5 46. Kd1 Kb4 47. f4 Kxb3 48. fxg5 c4 49. g6 Be5 50. Nf4 d3 51. g5 Kb2 52. Nxd3+ cxd3 53. Kd2 Kb3 54. Kxd3 Kb4 55. Ke3 Kc5 56. g7 Bxg7 57. Kf4 Kc6 58. Kf5 Kd7 59. Kg6 Bb2 60. Kf7 Ba1 61. g6 Bb2 62. g7 Bxg7 63. Kxg7 Ke7 64. Kg8 Kf6 1/2-1/2

[Event "Split op 5th"]
[Site "Split"]
[Date "2015.08.16"]
[Round "9"]
[White "Sevelj, Berislav"]
[Black "Villar Nieves, Antonio"]
[Result "0-1"]
[WhiteElo "1933"]
[BlackElo "2202"]
[PlyCount "78"]
[EventDate "2015.08.09"]
[EventType "swiss"]
[EventRounds "9"]
[EventCountry "CRO"]
[SourceTitle "EXT 2016"]
[Source "ChessBase"]
[SourceDate "2015.10.08"]
[SourceVersion "1"]
[SourceVersionDate "2015.10.08"]
[SourceQuality "1"]

1. e4 c5 2. Nf3 Nc6 3. d4 cxd4 4. Nxd4 Nf6 5. Nc3 e5 6. Nxc6 bxc6 7. Bc4 Bb4 8. Qd3 d5 9. exd5 Nxd5 10. Bd2 Be6 11. 0-0-0 Nxc3 12. Bxc3 Qxd3 13. cxd3 Bxc3 14. bxc3 Bxc4 15. dxc4 Rd8 16. Rhe1 f6 17. f4 Rxd1+ 18. Kxd1 Kf7 19. fxe5 Rd8+ 20. Kc2 Re8 21. Kd3 Rxe5 22. Rxe5 fxe5 23. Ke4 Kf6 24. h4 h5 25. c5 Ke6 26. a4 a5 27. c4 Kf6 28. Ke3 Kf5 29. Kf3 e4+ 30. Ke3 Ke5 31. g3 g6 32. Ke2 Kd4 33. Kd2 e3+ 34. Ke2 Ke4 35. Ke1 Kf3 36. Kf1 e2+ 37. Ke1 Ke3 38. g4 hxg4 39. h5 g3 0-1

[Event "Sanxenxo Carlos op 6th"]
[Site "Sanxenxo"]
[Date "2014.06.27"]
[Round "7"]
[White "Villar Nieves, Antonio"]
[Black "Gomez Ledo, Roberto Carlos"]
[Result "0-1"]
[WhiteElo "2228"]
[BlackElo "2429"]
[PlyCount "88"]
[EventDate "2014.06.21"]
[EventType "swiss"]
[EventRounds "9"]
[EventCountry "ESP"]
[SourceTitle "CBM 161 Extra"]
[Source "ChessBase"]
[SourceDate "2014.08.29"]
[SourceVersion "1"]
[SourceVersionDate "2014.08.29"]
[SourceQuality "1"]

1. d4 d5 2. Nf3 Nf6 3. Bf4 c5 4. c3 Qb6 5. Qb3 c4 6. Qc2 Nc6 7. Nbd2 g6 8. e4 e6 9. Be2 Bg7 10. e5 Nd7 11. b3 cxb3 12. axb3 0-0 13. 0-0 f6 14. exf6 Nxf6 15. Bg5 Bd7 16. Rfe1 Rac8 17. Qa2 a6 18. Bd3 Nh5 19. Re3 Rce8 20. b4 Qc7 21. Nb3 Nf4 22. Nc5 Nxd3 23. Nxd3 Ne7 24. Nc5 Nf5 25. Re2 Bc8 26. Rae1 Qc6 27. Qa4 Qd6 28. Bd2 b6 29. Nd3 Bd7 30. Qc2 Bb5 31. Nfe5 Qc7 32. Bf4 Qc8 33. Rd2 Re7 34. Bg5 Rc7 35. Nf4 Rxc3 36. Qb2 Nxd4 37. Rxd4 Bxe5 38. Nxe6 Qxe6 39. Rdd1 Rd3 40. Qc2 Rxd1 41. Qxd1 Qf7 42. Kh1 Qxf2 43. Qxd5+ Qf7 44. Qd1 Qf1+ 0-1

[Event "Sanxenxo Carlos op 6th"]
[Site "Sanxenxo"]
[Date "2014.06.23"]
[Round "3"]
[White "Villar Nieves, Antonio"]
[Black "Guerra Bastida, Diego"]
[Result "1/2-1/2"]
[WhiteElo "2228"]
[BlackElo "2378"]
[PlyCount "97"]
[EventDate "2014.06.21"]
[EventType "swiss"]
[EventRounds "9"]
[EventCountry "ESP"]
[SourceTitle "CBM 161 Extra"]
[Source "ChessBase"]
[SourceDate "2014.08.29"]
[SourceVersion "1"]
[SourceVersionDate "2014.08.29"]
[SourceQuality "1"]

1. d4 d6 2. e4 Nf6 3. Nc3 g6 4. Be3 a6 5. a4 Nc6 6. f3 Bg7 7. Bc4 0-0 8. Nge2 e5 9. Qd2 exd4 10. Nxd4 Ne5 11. Ba2 c5 12. Nde2 Be6 13. Bg5 Qb6 14. 0-0 c4+ 15. Kh1 Nc6 16. Qc1 Nb4 17. Rd1 Rfe8 18. Nf4 Qc5 19. Nxe6 fxe6 20. Qf4 Nxa2 21. Rxa2 Nh5 22. Qd2 b5 23. Be3 Qc6 24. g4 b4 25. Ne2 c3 26. bxc3 bxc3 27. Qd3 Nf6 28. Bd4 d5 29. e5 Nd7 30. f4 g5 31. Ra3 gxf4 32. Rxc3 Qb7 33. Rb3 Qc6 34. Nxf4 Nxe5 35. Qe2 Qc4 36. Re3 Qxe2 37. Rxe2 Ng6 38. Nxe6 Bxd4 39. Nxd4 Rxe2 40. Nxe2 Rc8 41. c3 Re8 42. Ng3 Re3 43. Kg1 Rxc3 44. Rxd5 Rc2 45. Ra5 Nh4 46. Rxa6 Nf3+ 47. Kf1 Nxh2+ 48. Kg1 Nf3+ 49. Kf1 1/2-1/2

[Event "Paleochora op 3rd"]
[Site "Paleochora"]
[Date "2010.07.27"]
[Round "7"]
[White "Batsiashvili, Nino"]
[Black "Villar Nieves, Antonio"]
[Result "1-0"]
[WhiteElo "2383"]
[BlackElo "2209"]
[PlyCount "79"]
[EventDate "2010.07.22"]
[EventType "swiss"]
[EventRounds "9"]
[EventCountry "GRE"]
[SourceTitle "CBM 137 Extra"]
[Source "ChessBase"]
[SourceDate "2010.09.01"]
[SourceVersion "1"]
[SourceVersionDate "2010.09.01"]
[SourceQuality "1"]

1. d4 Nf6 2. c4 e5 3. dxe5 Ng4 4. Bf4 Nc6 5. Nf3 Bb4+ 6. Nbd2 Qe7 7. e3 Ngxe5 8. Nxe5 Nxe5 9. Be2 Ng6 10. Bg3 Bd6 11. Qc2 Be5 12. 0-0-0 d6 13. f4 Bf6 14. Ne4 Bh4 15. Bf3 0-0 16. Nc3 f5 17. e4 Qf7 18. Rhe1 Qxc4 19. e5 c6 20. exd6 Bd7 21. Be2 Qb4 22. a3 Qc5 23. Bxh4 Nxh4 24. b4 Qe3+ 25. Kb2 Kh8 26. Bf1 Qb6 27. Na4 Qd8 28. Nc5 b6 29. Nxd7 Qxd7 30. Re7 Qd8 31. Qc3 Rf6 32. Qxc6 Ng6 33. Bb5 Rf8 34. Rd7 Qh4 35. Qc3 Rf6 36. g3 Qxh2+ 37. Rd2 Qg1 38. Rc7 Rd8 39. d7 Qe1 40. Re2 1-0

[Event "Paleochora op 3rd"]
[Site "Paleochora"]
[Date "2010.07.26"]
[Round "6"]
[White "Villar Nieves, Antonio"]
[Black "Vuilleumier, Alexandre"]
[Result "1/2-1/2"]
[WhiteElo "2209"]
[BlackElo "2361"]
[PlyCount "79"]
[EventDate "2010.07.22"]
[EventType "swiss"]
[EventRounds "9"]
[EventCountry "GRE"]
[SourceTitle "CBM 137 Extra"]
[Source "ChessBase"]
[SourceDate "2010.09.01"]
[SourceVersion "1"]
[SourceVersionDate "2010.09.01"]
[SourceQuality "1"]

1. d4 d6 2. e4 Nf6 3. Nc3 Nbd7 4. Be3 e5 5. Bc4 Be7 6. Nge2 c6 7. a4 Nxe4 8. Nxe4 d5 9. Bxd5 cxd5 10. N4c3 exd4 11. Qxd4 Nf6 12. Nf4 0-0 13. Nfxd5 Nxd5 14. Nxd5 Be6 15. Rd1 Rc8 16. 0-0 Rxc2 17. Qe4 Rxb2 18. Nf6+ Bxf6 19. Rxd8 Rxd8 20. Bxa7 Rd5 21. h3 h5 22. Be3 g6 23. Rc1 Be5 24. Bf4 Bd4 25. Be3 Bxe3 26. Qxe3 Ra2 27. Qa7 Rdd2 28. a5 Rdb2 29. Rd1 b6 30. axb6 Rxf2 31. Qxa2 Rxa2 32. b7 Rb2 33. Rd8+ Kg7 34. b8Q Rxb8 35. Rxb8 h4 36. Kf2 Bd5 37. Rb2 Kf6 38. Ke3 Ke5 39. Rf2 g5 40. Rb2 1/2-1/2

[Event "San Nicola Arcella op 1st"]
[Site "San Nicola Arcella"]
[Date "2007.09.16"]
[Round "1"]
[White "Naumkin, Igor"]
[Black "Villar Nieves, Antonio"]
[Result "1-0"]
[WhiteElo "2490"]
[BlackElo "2175"]
[PlyCount "43"]
[EventDate "2007.09.16"]
[EventType "swiss"]
[EventRounds "9"]
[EventCountry "ITA"]
[SourceTitle "EXT 2009"]
[Source "ChessBase"]
[SourceDate "2008.11.26"]
[SourceVersion "1"]
[SourceVersionDate "2008.11.26"]
[SourceQuality "1"]

1. d4 Nf6 2. c4 e5 3. dxe5 Ng4 4. e4 Nxe5 5. f4 Ng6 6. Nf3 Bb4+ 7. Nc3 Qe7 8. Bd3 Bxc3+ 9. bxc3 d6 10. 0-0 Nd7 11. Nd4 Nc5 12. Bc2 Bd7 13. Nf5 Qf8 14. Qd4 f6 15. e5 fxe5 16. fxe5 Nxe5 17. Ne3 Qg8 18. Nd5 Ne6 19. Qh4 g5 20. Qh5+ Kd8 21. Qh6 c6 22. Qf6+ 1-0

[Event "Burgas op 16th"]
[Site "Ourense"]
[Date "2007.07.07"]
[Round "3.16"]
[White "Otero Nogueira, Brais"]
[Black "Villar Nieves, Antonio"]
[Result "1/2-1/2"]
[WhiteElo "1885"]
[BlackElo "2175"]
[PlyCount "46"]
[EventDate "2007.07.05"]
[EventType "swiss"]
[EventRounds "9"]
[EventCountry "ESP"]
[SourceTitle "EXT 2008"]
[Source "ChessBase"]
[SourceDate "2007.11.25"]
[SourceVersion "1"]
[SourceVersionDate "2007.11.25"]
[SourceQuality "1"]

1. e4 c5 2. Nc3 Nc6 3. Bb5 g6 4. Bxc6 dxc6 5. f4 Bg7 6. Nf3 c4 7. 0-0 b5 8. Qe1 Bg4 9. h3 Bxf3 10. Rxf3 Nf6 11. d3 cxd3 12. Rxd3 Qc7 13. e5 Nd7 14. Be3 0-0 15. a4 a6 16. Qh4 Nb6 17. Ne4 Nd5 18. Bd4 Qd7 19. Nc5 Qf5 20. Rf1 Rad8 21. g4 Qc8 22. c3 f5 23. Qg3 e6 1/2-1/2

[Event "ESP-ch Student"]
[Site "Cartagena"]
[Date "2007.05.08"]
[Round "5"]
[White "Sarralde Osua, Rodrigo"]
[Black "Villar Nieves, Antonio"]
[Result "0-1"]
[WhiteElo "2139"]
[BlackElo "2183"]
[PlyCount "66"]
[EventDate "2007.05.06"]
[EventType "swiss"]
[EventRounds "9"]
[EventCountry "ESP"]
[SourceTitle "CBM 118 Extra"]
[Source "ChessBase"]
[SourceDate "2007.07.04"]
[SourceVersion "1"]
[SourceVersionDate "2007.07.04"]
[SourceQuality "1"]

1. e4 c5 2. Nf3 Nc6 3. Bb5 g6 4. 0-0 Bg7 5. c3 e5 6. Re1 Nge7 7. d3 0-0 8. Nbd2 d6 9. a4 h6 10. d4 cxd4 11. cxd4 exd4 12. Nb3 Qb6 13. Bf4 Rd8 14. Qe2 a6 15. Bc4 Be6 16. Bxe6 fxe6 17. Qc4 d5 18. exd5 exd5 19. Qd3 Rf8 20. Bg3 Nf5 21. Re6 Nxg3 22. hxg3 g5 23. Rae1 Qb4 24. R1e2 Rad8 25. Qg6 d3 26. R2e3 Rd7 27. Rxd3 Rdf7 28. Nbd2 g4 29. Rb3 Qxa4 30. Nh4 Qd4 31. Rd3 Qxf2+ 32. Kh2 Nd4 33. Rd6 Ne2 0-1

[Event "ESP-ch Student"]
[Site "Cartagena"]
[Date "2007.05.07"]
[Round "2"]
[White "Villar Nieves, Antonio"]
[Black "Perez Candelario, Manuel"]
[Result "0-1"]
[WhiteElo "2183"]
[BlackElo "2511"]
[PlyCount "84"]
[EventDate "2007.05.06"]
[EventType "swiss"]
[EventRounds "9"]
[EventCountry "ESP"]
[SourceTitle "CBM 118 Extra"]
[Source "ChessBase"]
[SourceDate "2007.07.04"]
[SourceVersion "1"]
[SourceVersionDate "2007.07.04"]
[SourceQuality "1"]

1. d4 d5 2. Nf3 Nf6 3. Bf4 c6 4. c3 Bf5 5. Nbd2 Nbd7 6. e3 h6 7. Be2 g5 8. Bg3 Bg7 9. Ne5 Qb6 10. Qb3 0-0 11. c4 dxc4 12. Bxc4 Qxb3 13. Bxb3 c5 14. Ndf3 Be4 15. Rd1 cxd4 16. Rxd4 Nc5 17. Rd2 Nh5 18. Bc4 Rac8 19. 0-0 Bxf3 20. Nxf3 Ne4 21. Rc2 Nhxg3 22. hxg3 Nd6 23. Rfc1 e6 24. Bd3 Bxb2 25. Rxc8 Rxc8 26. Rxc8+ Nxc8 27. Kf1 Kf8 28. Ke2 Ke7 29. Nd2 Bg7 30. Nc4 Kd7 31. g4 b5 32. Na5 Nd6 33. f4 Bc3 34. Nb3 Kc6 35. Kd1 Kd5 36. Ke2 a5 37. Kd1 a4 38. Nc1 Nc4 39. Kc2 Bg7 40. e4+ Kc5 41. Bxc4 Kxc4 42. Ne2 b4 0-1

[Event "Pedrido Memorial"]
[Site "Vilagarcia de Arousa"]
[Date "2006.08.01"]
[Round "8"]
[White "Torrado Quintela, Julio"]
[Black "Villar Nieves, Antonio"]
[Result "0-1"]
[WhiteElo "2201"]
[BlackElo "2177"]
[PlyCount "130"]
[EventDate "2006.07.25"]
[EventType "swiss"]
[EventRounds "9"]
[EventCountry "ESP"]
[SourceTitle "CBM 113 Extra"]
[Source "ChessBase"]
[SourceDate "2006.09.14"]
[SourceVersion "1"]
[SourceVersionDate "2006.09.14"]
[SourceQuality "1"]

1. e4 c5 2. Nc3 Nc6 3. Nf3 Nf6 4. e5 Ng4 5. Qe2 Qc7 6. Nd5 Qb8 7. d4 cxd4 8. Bf4 e6 9. h3 Nh6 10. Bxh6 exd5 11. Bf4 Bb4+ 12. Bd2 Bxd2+ 13. Qxd2 Nxe5 14. Qxd4 Nxf3+ 15. gxf3 0-0 16. 0-0-0 Qd6 17. Rg1 Qh6+ 18. Kb1 d6 19. Bd3 Be6 20. Rg3 f5 21. Rdg1 Rf7 22. f4 a6 23. a3 Raf8 24. Be2 Re7 25. Re3 Qf6 26. Qxf6 Rxf6 27. Bf3 d4 28. Re2 Rc7 29. Rd1 Kf7 30. Bh5+ Ke7 31. Bf3 Rh6 32. Bd5 Kd7 33. Rxd4 Bxd5 34. Rxd5 Rc5 35. Rd3 Rc4 36. Rde3 g6 37. Re7+ Kc6 38. R2e3 Rh4 39. b3 Rcxf4 40. Rc3+ Kd5 41. Rxb7 Rxf2 42. Rb6 Rd4 43. Rxa6 f4 44. Ra7 Rg2 45. Rxh7 Rg3 46. Kb2 Ke6 47. Rh8 Rd5 48. Re8+ Kf5 49. a4 f3 50. b4 Rxh3 51. a5 Kf4 52. Re1 g5 53. Rc4+ Kg3 54. a6 f2 55. Ra1 Rh7 56. Rc8 Rf5 57. Rb8 f1Q 58. Rxf1 Rxf1 59. b5 Ra7 60. Kc3 Rf4 61. Rb7 Rxb7 62. axb7 Rf8 63. Kd4 Rb8 64. Kd5 Rxb7 65. c4 Rb6 0-1

[Event "ESP-ch Universities"]
[Site "Madrid"]
[Date "2006.05.06"]
[Round "2"]
[White "Franco Alonso, Alejandro"]
[Black "Villar Nieves, Antonio"]
[Result "1-0"]
[WhiteElo "2421"]
[BlackElo "2177"]
[PlyCount "62"]
[EventDate "2006.05.06"]
[EventType "team"]
[EventRounds "8"]
[EventCountry "ESP"]
[SourceTitle "CBM 112 Extra"]
[Source "ChessBase"]
[SourceDate "2006.07.14"]
[SourceVersion "1"]
[SourceVersionDate "2006.07.14"]
[SourceQuality "1"]

1. d4 Nf6 2. c4 e5 3. dxe5 Ng4 4. e3 Nxe5 5. Nh3 Ng6 6. g3 d6 7. Bg2 c6 8. Nc3 Be7 9. 0-0 Be6 10. b3 Qd7 11. Nf4 Nxf4 12. exf4 Na6 13. Ba3 Rd8 14. Qc2 0-0 15. Be4 f5 16. Bg2 Nc7 17. Rad1 d5 18. cxd5 Bxa3 19. dxe6 Qxe6 20. Rfe1 Rxd1 21. Rxd1 Be7 22. Bf1 Kh8 23. Na4 b6 24. Rc1 c5 25. b4 Nd5 26. bxc5 Rc8 27. Qb3 Bxc5 28. Nxc5 Rxc5 29. Rxc5 bxc5 30. Qb8+ Qg8 31. Qxg8+ Kxg8 1-0

[Event "Burgas op 15th"]
[Site "Ourense"]
[Date "2006.??.??"]
[Round "7"]
[White "Manolache, Marius"]
[Black "Villar Nieves, Antonio"]
[Result "1-0"]
[WhiteElo "2501"]
[BlackElo "2177"]
[PlyCount "93"]
[EventDate "2006.07.04"]
[EventType "swiss"]
[EventRounds "9"]
[EventCountry "ESP"]
[SourceTitle "CBM 113 Extra"]
[Source "ChessBase"]
[SourceDate "2006.09.14"]
[SourceVersion "1"]
[SourceVersionDate "2006.09.14"]
[SourceQuality "1"]

1. d4 Nf6 2. Nf3 c5 3. d5 g6 4. Nc3 d6 5. e4 Bg7 6. Bb5+ Bd7 7. a4 0-0 8. h3 Na6 9. 0-0 Nc7 10. Bd3 b6 11. Rb1 Qe8 12. b3 a6 13. Re1 b5 14. axb5 axb5 15. b4 Rb8 16. Bg5 cxb4 17. Na2 Na6 18. Nxb4 Nxb4 19. Rxb4 Qc8 20. Nd4 Qc5 21. Bd2 Ng4 22. c3 Ne5 23. Qb1 Nxd3 24. Qxd3 f5 25. exf5 Bxf5 26. Qe2 Rf7 27. Nxb5 Bd7 28. Be3 Qc8 29. Na7 Qe8 30. Rxb8 Qxb8 31. c4 Be5 32. Nb5 Rf8 33. Nd4 Rc8 34. Nf3 Bf6 35. Bd4 Qb4 36. Rc1 Kf8 37. Bxf6 exf6 38. Qe4 Bf5 39. Qd4 Kf7 40. Qa7+ Kg8 41. Qe7 Rf8 42. Nd4 Bc8 43. Ne6 Bxe6 44. dxe6 Qc5 45. g3 f5 46. Qd7 Qe5 47. e7 1-0

[Event "Burgas op 15th"]
[Site "Ourense"]
[Date "2006.??.??"]
[Round "8"]
[White "Villar Nieves, Antonio"]
[Black "Barbosa, Fabio Emanuel Olive"]
[Result "1-0"]
[WhiteElo "2177"]
[BlackElo "2015"]
[PlyCount "95"]
[EventDate "2006.07.04"]
[EventType "swiss"]
[EventRounds "9"]
[EventCountry "ESP"]
[SourceTitle "CBM 113 Extra"]
[Source "ChessBase"]
[SourceDate "2006.09.14"]
[SourceVersion "1"]
[SourceVersionDate "2006.09.14"]
[SourceQuality "1"]

1. d4 Nf6 2. Bg5 d6 3. Bxf6 exf6 4. c4 g6 5. e3 Bg7 6. Nc3 0-0 7. g3 f5 8. Bg2 c5 9. Nge2 Qb6 10. Qd2 Nc6 11. Rd1 cxd4 12. exd4 a6 13. 0-0 Re8 14. b3 Ne7 15. Qf4 Qd8 16. Rd2 Ra7 17. Rfd1 b6 18. Nd5 Nxd5 19. Bxd5 Bb7 20. Bxb7 Rxb7 21. Nc3 Rbe7 22. Kf1 Qb8 23. Qf3 b5 24. c5 dxc5 25. dxc5 b4 26. Nd5 Qb5+ 27. Qd3 Qxc5 28. Nxe7+ Rxe7 29. Qd5 Qa7 30. Qd8+ Bf8 31. Rd7 Rxd7 32. Rxd7 Qc5 33. Qe8 Qc1+ 34. Kg2 Qc6+ 35. Kh3 Qf6 36. Rd8 Qg7 37. Ra8 g5 38. Rxa6 g4+ 39. Kg2 Qd4 40. Qa8 Kg7 41. Qc6 f6 42. Ra5 f4 43. gxf4 Qxf4 44. Qb7+ Kg6 45. Ra7 Kg5 46. Qd5+ Kh6 47. Qd3 f5 48. Rf7 1-0

[Event "Burgas op 15th"]
[Site "Ourense"]
[Date "2006.??.??"]
[Round "4"]
[White "Villar Nieves, Antonio"]
[Black "De Sousa da Silva, Armando"]
[Result "1-0"]
[WhiteElo "2177"]
[BlackElo "1968"]
[PlyCount "133"]
[EventDate "2006.07.04"]
[EventType "swiss"]
[EventRounds "9"]
[EventCountry "ESP"]
[SourceTitle "CBM 113 Extra"]
[Source "ChessBase"]
[SourceDate "2006.09.14"]
[SourceVersion "1"]
[SourceVersionDate "2006.09.14"]
[SourceQuality "1"]

1. e4 c5 2. Nc3 Nc6 3. g3 g6 4. Bg2 Bg7 5. f4 d6 6. Nf3 e6 7. d3 Nge7 8. Be3 Nd4 9. 0-0 0-0 10. Nh4 Rb8 11. Qd2 f5 12. Nd1 Ndc6 13. c3 Qa5 14. Nf3 Qc7 15. Nf2 b6 16. d4 Ba6 17. Rfe1 h6 18. Qc2 Qc8 19. Rad1 fxe4 20. Nxe4 d5 21. Nf2 c4 22. Bc1 Qd7 23. Bh3 Nf5 24. g4 Nfe7 25. Nh4 Kh7 26. Nxg6 Nxg6 27. f5 exf5 28. gxf5 Kh8 29. f6 Qc7 30. fxg7+ Qxg7 31. Kh1 Bc8 32. Bxc8 Rbxc8 33. Rg1 Nce7 34. Ng4 Qf7 35. Rg3 Nf5 36. Rh3 Nfh4 37. Qe2 Rce8 38. Ne5 Qf5 39. Qe3 Qf1+ 40. Rxf1 Rxf1+ 41. Qg1 Rxg1+ 42. Kxg1 Nxe5 43. dxe5 Nf5 44. Bxh6 Nxh6 45. Rxh6+ Kg7 46. Rd6 Rxe5 47. Kf2 Kf7 48. Rd7+ Ke8 49. Rxa7 Rh5 50. Kg3 Re5 51. Rb7 Re6 52. Kf4 Kd8 53. Kf5 Rh6 54. Ke5 Kc8 55. Ra7 Kb8 56. Ra4 Rh5+ 57. Kd6 Kb7 58. Rb4 Rg5 59. h4 Rh5 60. a4 Ka6 61. Rb5 Rxh4 62. Kxd5 Rg4 63. Rb4 Ka5 64. Rxc4 Rxc4 65. Kxc4 Kxa4 66. b4 Ka3 67. Kb5 1-0

[Event "Villagarcia de Arosa op"]
[Site "Villagarcia de Arosa"]
[Date "2005.08.02"]
[Round "2"]
[White "Iotov, Valentin Dimitrov"]
[Black "Villar Nieves, Antonio"]
[Result "1-0"]
[WhiteElo "2447"]
[BlackElo "2190"]
[PlyCount "87"]
[EventDate "2005.08.01"]
[EventType "swiss"]
[EventRounds "9"]
[EventCountry "ESP"]
[SourceTitle "CBM 107 Extra"]
[Source "ChessBase"]
[SourceDate "2005.09.01"]
[SourceVersion "1"]
[SourceVersionDate "2005.09.01"]
[SourceQuality "1"]

1. d4 f5 2. Nf3 Nf6 3. g3 g6 4. c4 Bg7 5. b4 0-0 6. Bg2 d6 7. 0-0 Qe8 8. Bb2 e5 9. dxe5 Ng4 10. c5 dxc5 11. h3 Nh6 12. bxc5 Nc6 13. Na3 Nf7 14. Nb5 Qe7 15. Qb3 Kh8 16. Qe3 Re8 17. Rfd1 Ncxe5 18. Nxe5 Nxe5 19. Rab1 a6 20. Nc3 Be6 21. Nd5 Bxd5 22. Rxd5 c6 23. Rdd1 Qf7 24. f4 Nc4 25. Bxg7+ Qxg7 26. Qd4 Qxd4+ 27. Rxd4 Ne3 28. Bf3 Re7 29. Kf2 Rc8 30. Rd3 Nd5 31. Bxd5 cxd5 32. Rxd5 Kg7 33. Rb3 Kf7 34. g4 fxg4 35. hxg4 Rc6 36. Kf3 Rce6 37. e3 Re4 38. Rd4 R4e6 39. Rdb4 Rc6 40. Rxb7 Rxc5 41. Rxe7+ Kxe7 42. Rb7+ Kf6 43. Rxh7 Rc8 44. g5+ 1-0

[Event "Ortigueira op 3rd"]
[Site "Ortigueira"]
[Date "2004.08.08"]
[Round "5"]
[White "Villar Nieves, Antonio"]
[Black "Asensio Linan, Teodoro"]
[Result "1/2-1/2"]
[WhiteElo "2214"]
[BlackElo "2272"]
[PlyCount "96"]
[EventDate "2004.08.03"]
[EventType "swiss"]
[EventRounds "9"]
[EventCountry "ESP"]
[SourceTitle "CBM 101 Extra"]
[Source "ChessBase"]
[SourceDate "2004.09.01"]
[SourceVersion "2"]
[SourceVersionDate "2004.09.01"]
[SourceQuality "1"]

1. e4 c5 2. Nc3 Nc6 3. g3 g6 4. Bg2 Bg7 5. f4 d6 6. Nf3 Rb8 7. 0-0 b5 8. Kh1 Bd7 9. Ne2 Nf6 10. d3 b4 11. h3 Qa5 12. e5 Ng8 13. Ng5 dxe5 14. Nxf7 Kxf7 15. fxe5+ Nf6 16. exf6 Bxf6 17. Nf4 Rhd8 18. Nd5 Bxh3 19. Nxf6 Bxg2+ 20. Kxg2 exf6 21. Qf3 Rd6 22. Bf4 Nd4 23. Qf2 Re6 24. Bxb8 Re2 25. Qxe2 Nxe2 26. Be5 f5 27. Rf2 Nd4 28. Bxd4 cxd4 29. g4 Qd5+ 30. Kg1 Qe5 31. gxf5 Qg3+ 32. Kf1 Qh3+ 33. Kg1 gxf5 34. b3 Kf6 35. Raf1 Qg3+ 36. Kh1 Qh3+ 37. Kg1 a6 38. Rh2 Qe3+ 39. Kh1 h6 40. Rhf2 Qh3+ 41. Kg1 h5 42. Rf3 Qg4+ 43. Kh2 h4 44. R1f2 Qg6 45. Rg2 Qe8 46. Rgf2 Qd7 47. Kh3 Kg5 48. Rg2+ Kf6 1/2-1/2

[Event "Ortigueira op 3rd"]
[Site "Ortigueira"]
[Date "2004.08.05"]
[Round "2"]
[White "Strikovic, Aleksa"]
[Black "Villar Nieves, Antonio"]
[Result "1-0"]
[WhiteElo "2478"]
[BlackElo "2214"]
[PlyCount "73"]
[EventDate "2004.08.03"]
[EventType "swiss"]
[EventRounds "9"]
[EventCountry "ESP"]
[SourceTitle "CBM 101 Extra"]
[Source "ChessBase"]
[SourceDate "2004.09.01"]
[SourceVersion "2"]
[SourceVersionDate "2004.09.01"]
[SourceQuality "1"]

1. c4 Nf6 2. g3 e5 3. Bg2 d6 4. Nf3 g6 5. d4 Nbd7 6. Nc3 c6 7. e4 Bg7 8. 0-0 0-0 9. Qc2 Qe7 10. Rd1 Ne8 11. Bg5 f6 12. Be3 f5 13. exf5 gxf5 14. Re1 Qf7 15. Ng5 Qxc4 16. Bf1 Qb4 17. a3 Qa5 18. b4 Qd8 19. Ne6 Qf6 20. Nxf8 Nxf8 21. dxe5 dxe5 22. Rad1 Ng6 23. f4 e4 24. Na4 Nc7 25. Bd4 Qe7 26. Bc4+ Be6 27. Bxg7 Kxg7 28. Bxe6 Nxe6 29. Nc5 Ngf8 30. Qc3+ Kf7 31. Qe5 Ng7 32. Qxe7+ Kxe7 33. Nxb7 Nge6 34. Kf2 h5 35. Re2 Nc7 36. Rc2 Rb8 37. Na5 1-0